| 000 | 00464nam a2200157Ia 4500 | ||
|---|---|---|---|
| 003 | GCL | ||
| 008 | 140319s9999 xx 000 0 ara d | ||
| 040 |
_aGCL / _cGCL |
||
| 082 | 0 | 4 |
_a257 _bص ن |
| 100 | 1 | _aصبحى الصالح | |
| 245 | 1 | 0 |
_aالنظم الاسلامية: نشأتها وتطورها / _cصبحى الصالح |
| 490 |
_aكتاب _v0 |
||
| 650 | 0 | 4 | _aالنظم الاقتصادية |
| 650 | 0 | 4 | _aالنظم الاسلامية |
| 942 |
_2ddc _cBK |
||
| 999 |
_c42143 _d42143 |
||